Sports Quiz

Random Sports Quiz

2015 Formula One Drivers Quiz Stats

 Plays Quiz not verified by Sporcle

Challenge
Share
Tweet
Embed
Score 0/21 Timer 06:00
0 Plays Today
Team Answer % Correct
MercedesLewis Hamilton
100%
MercedesNico Rosberg
100%
FerrariSebastian Vettel
97.4%
McLaren Fernando Alonso
94.8%
FerrariKimi Räikkönen
92.2%
Red BullDaniil Kvyat
92.2%
WilliamsValtteri Bottas
92.2%
WilliamsFelipe Massa
92.2%
Red BullDaniel Ricciardo
90.9%
LotusRomain Grosjean
90.9%
McLarenJenson Button
90.9%
Team Answer % Correct
Force IndiaSergio Perez
89.6%
Toro RossoCarlos Sainz Jr.
87%
Force IndiaNico Hulkenberg
87%
LotusPastor Maldonado
83.1%
SauberMarcus Ericsson
77.9%
SauberFelipe Nasr
75.3%
Toro RossoMax Verstappen
67.5%
Manor MarussiaWill Stevens
64.9%
Manor MarussiaRoberto Merhi
62.3%
Manor MarussiaAlexander Rossi
62.3%

You're not logged in!

Compare scores with friends on all Sporcle quizzes.
OR
Log In

You Might Also Like...

Show Comments

Extras

Top Quizzes Today


Score Distribution

Your Account Isn't Verified!

In order to create a playlist on Sporcle, you need to verify the email address you used during registration. Go to your Sporcle Settings to finish the process.

Report this User

Report this user for behavior that violates our Community Guidelines.

Details: